[Event "Serpukhov-B"]
[Site "Serpukhov"]
[Date "2004.08.31"]
[Round "8"]
[White "Nechaeva, Marina"]
[Black "Roshchepkin, Boris"]
[Result "1-0"]
[WhiteElo "2228"]
[BlackElo "2290"]
[PlyCount "105"]
[EventDate "2004.08.26"]
[EventType "tourn"]
[EventRounds "12"]
[EventCountry "RUS"]
[EventCategory "1"]
[SourceTitle "EXT 2006"]
[Source "ChessBase"]
[SourceDate "2005.11.24"]
[SourceVersion "1"]
[SourceVersionDate "2005.11.24"]
[SourceQuality "1"]

1. d4 Nf6 2. c4 g6 3. Nc3 Bg7 4. e4 0-0 5. Bd3 d6 6. Nge2 e5 7. d5 Nh5 8. f3 f5 9. Be3 c5 10. dxc6 Nxc6 11. exf5 gxf5 12. 0-0 Be6 13. Nd5 Kh8 14. Nec3 Nd4 15. Qd2 f4 16. Bf2 Rg8 17. Kh1 Nf5 18. Bxf5 Bxf5 19. Rad1 Bf8 20. Qe1 Qg5 21. Rg1 Qh6 22. Ne4 Re8 23. Nc7 Rc8 24. Nb5 Rc6 25. Bh4 Bxe4 26. Qxe4 Be7 27. Bf2 a6 28. Nc3 Qg5 29. Qe2 Rcc8 30. Ne4 Qh6 31. Be1 Rg6 32. Bc3 Ng7 33. Rgf1 Qh5 34. c5 Nf5 35. cxd6 Bxd6 36. Rxd6 Nxd6 37. Nxd6 Rxc3 38. Nf7+ Kg7 39. bxc3 Kxf7 40. Rd1 Qf5 41. Qc4+ Kg7 42. Qc7+ Kh6 43. Qxb7 Qc2 44. Rg1 Qxa2 45. Qe4 Qa5 46. c4 Qc3 47. Re1 Re6 48. h3 a5 49. Re2 Qc1+ 50. Kh2 Qd1 51. c5 Qd7 52. Qf5 Qd5 53. Re4 1-0

[Event "Serpukhov-B"]
[Site "Serpukhov"]
[Date "2004.08.30"]
[Round "7"]
[White "Hansen, Alexei Cherstiouk"]
[Black "Roshchepkin, Boris"]
[Result "1-0"]
[WhiteElo "1986"]
[BlackElo "2290"]
[PlyCount "32"]
[EventDate "2004.08.26"]
[EventType "tourn"]
[EventRounds "12"]
[EventCountry "RUS"]
[EventCategory "1"]
[SourceTitle "EXT 2006"]
[Source "ChessBase"]
[SourceDate "2005.11.24"]
[SourceVersion "1"]
[SourceVersionDate "2005.11.24"]
[SourceQuality "1"]

1. e4 d6 2. Nc3 g6 3. g3 Bg7 4. Bg2 c5 5. d3 Nc6 6. Nge2 Nf6 7. 0-0 0-0 8. h3 Ne8 9. Be3 Nd4 10. Kh2 Rb8 11. a4 b6 12. Qd2 a6 13. Nd1 Nc7 14. Nxd4 cxd4 15. Bh6 b5 16. Bxg7 Kxg7 1-0

[Event "Serpukhov-F"]
[Site "Serpukhov"]
[Date "2003.??.??"]
[Round "2"]
[White "Lagvilava, Genrieta"]
[Black "Roshchepkin, Boris"]
[Result "1/2-1/2"]
[WhiteElo "2290"]
[BlackElo "2313"]
[PlyCount "79"]
[EventDate "2003.??.??"]
[EventType "tourn"]
[EventRounds "13"]
[EventCountry "RUS"]
[EventCategory "1"]
[SourceTitle "EXT 2005"]
[Source "ChessBase"]
[SourceDate "2004.11.15"]
[SourceVersion "1"]
[SourceVersionDate "2004.11.15"]
[SourceQuality "1"]

1. e4 e6 2. d4 d5 3. e5 c5 4. c3 Nc6 5. Be3 Qb6 6. Qd2 Nh6 7. Nf3 Bd7 8. Be2 Nf5 9. 0-0 Be7 10. dxc5 Bxc5 11. Bf4 Be7 12. Bd3 Nh4 13. Nxh4 Bxh4 14. Qe2 Be7 15. b4 g5 16. Bd2 0-0-0 17. Na3 Kb8 18. Nb5 Rdg8 19. a4 Qd8 20. a5 g4 21. f4 gxf3 22. Rxf3 Be8 23. Be3 Rg4 24. Bf2 Rhg8 25. g3 h5 26. Qe3 Bg5 27. Qc5 Be7 28. Nd6 d4 29. cxd4 Bxd6 30. exd6 R8g5 31. d5 Rxd5 32. Qc3 Qxd6 33. b5 Ne5 34. Be2 Bxb5 35. Re3 Bxe2 36. Rxe2 Rc4 37. Qe3 Nc6 38. a6 b6 39. Rb1 Ne5 40. Reb2 1/2-1/2

[Event "Serpukhov-F"]
[Site "Serpukhov"]
[Date "2003.??.??"]
[Round "9"]
[White "Novichkov, Vadim"]
[Black "Roshchepkin, Boris"]
[Result "1-0"]
[WhiteElo "2420"]
[BlackElo "2313"]
[PlyCount "71"]
[EventDate "2003.??.??"]
[EventType "tourn"]
[EventRounds "13"]
[EventCountry "RUS"]
[EventCategory "1"]
[SourceTitle "EXT 2005"]
[Source "ChessBase"]
[SourceDate "2004.11.15"]
[SourceVersion "1"]
[SourceVersionDate "2004.11.15"]
[SourceQuality "1"]

1. d4 Nf6 2. c4 e6 3. Nc3 Bb4 4. e3 0-0 5. Nf3 d5 6. a3 Bxc3+ 7. bxc3 b6 8. Bd3 Bb7 9. cxd5 exd5 10. 0-0 Nbd7 11. Nd2 Re8 12. Re1 c5 13. f3 Nf8 14. Nf1 Rc8 15. Ra2 Re7 16. a4 Ne6 17. Bd2 Qc7 18. a5 Bc6 19. axb6 axb6 20. Qa1 Rb8 21. Rb1 Ree8 22. Qb2 c4 23. Bc2 b5 24. Rba1 Nd8 25. Qb1 Nb7 26. Ra7 g6 27. Be1 Rbc8 28. R1a6 Qd7 29. Bh4 Kg7 30. Bxf6+ Kxf6 31. Qxb5 Kg7 32. Rxc6 Rxc6 33. Rxb7 Qe6 34. e4 Rd6 35. e5 Ra6 36. Ne3 1-0

[Event "Serpukhov-E"]
[Site "Serpukhov"]
[Date "2003.??.??"]
[Round "1"]
[White "Pobelianskaia, Maria"]
[Black "Roshchepkin, Boris"]
[Result "0-1"]
[WhiteElo "2070"]
[BlackElo "2313"]
[PlyCount "65"]
[EventDate "2003.01.??"]
[EventType "tourn"]
[EventRounds "13"]
[EventCountry "RUS"]
[SourceTitle "EXT 2004"]
[Source "ChessBase"]
[SourceDate "2003.11.25"]
[SourceVersion "1"]
[SourceVersionDate "2003.11.25"]
[SourceQuality "1"]

1. e4 g6 2. d4 Bg7 3. Nc3 d6 4. Be3 c6 5. Qd2 b5 6. f4 Nf6 7. Bd3 Ng4 8. Nf3 Nxe3 9. Qxe3 Nd7 10. 0-0 0-0 11. f5 b4 12. Ne2 c5 13. c3 cxd4 14. cxd4 Nf6 15. Rac1 Qb6 16. Nf4 Bb7 17. Kh1 Rac8 18. e5 Ng4 19. Qe2 Rxc1 20. Rxc1 Bh6 21. Ng5 Nxe5 22. h4 Nxd3 23. Qxd3 Bg7 24. Ra1 Qc6 25. h5 h6 26. d5 Qd7 27. fxg6 hxg5 28. gxf7+ Rxf7 29. Ne6 Rf6 30. Nxg5 Rh6 31. Qf3 Qe8 32. Qe4 Be5 33. Nf3 0-1

[Event "Serpukhov-F"]
[Site "Serpukhov"]
[Date "2003.??.??"]
[Round "10"]
[White "Roshchepkin, Boris"]
[Black "Kiselev, Artiom"]
[Result "0-1"]
[WhiteElo "2313"]
[BlackElo "2251"]
[PlyCount "74"]
[EventDate "2003.??.??"]
[EventType "tourn"]
[EventRounds "13"]
[EventCountry "RUS"]
[EventCategory "1"]
[SourceTitle "EXT 2005"]
[Source "ChessBase"]
[SourceDate "2004.11.15"]
[SourceVersion "1"]
[SourceVersionDate "2004.11.15"]
[SourceQuality "1"]

1. d4 d5 2. Nf3 Nf6 3. c4 dxc4 4. g3 c6 5. a4 g6 6. Bg2 Bg7 7. 0-0 0-0 8. Qc2 Na6 9. Qxc4 Be6 10. Qc2 Nb4 11. Qd1 Bf5 12. Nc3 Qc8 13. Bf4 a5 14. Be5 Rd8 15. Qc1 Qd7 16. b3 Rac8 17. Qb2 Bh3 18. Rfd1 Bxg2 19. Kxg2 Qf5 20. Qb1 Qe6 21. Na2 Nxa2 22. Rxa2 Nd5 23. Rc2 f6 24. Bf4 Nxf4+ 25. gxf4 Qg4+ 26. Kh1 Qxf4 27. d5 cxd5 28. Rxd5 Qe4 29. Rd3 Qe6 30. Rxc8 Rxc8 31. Qd1 Kf7 32. Rd7 Bh6 33. e3 Rc5 34. Kg2 Qg4+ 35. Kh1 Rc1 36. Qxc1 Qxf3+ 37. Kg1 Qg4+ 0-1

[Event "Serpukhov-J"]
[Site "Serpukhov"]
[Date "2003.??.??"]
[Round "6"]
[White "Roshchepkin, Boris"]
[Black "Zhidkov, Valery S"]
[Result "1/2-1/2"]
[WhiteElo "2313"]
[BlackElo "2372"]
[PlyCount "43"]
[EventDate "2003.??.??"]
[EventType "tourn"]
[EventRounds "9"]
[EventCountry "RUS"]
[EventCategory "2"]
[SourceTitle "EXT 2005"]
[Source "ChessBase"]
[SourceDate "2004.11.15"]
[SourceVersion "1"]
[SourceVersionDate "2004.11.15"]
[SourceQuality "1"]

1. e4 e5 2. d4 exd4 3. Qxd4 Nc6 4. Qe3 g6 5. Nc3 Bg7 6. Bd2 d6 7. Bc4 Nf6 8. 0-0-0 0-0 9. Nh3 Na5 10. Bd3 Re8 11. Qg5 Nc6 12. Qh4 Re5 13. f3 Bxh3 14. Qxh3 d5 15. Rhe1 Nb4 16. Kb1 dxe4 17. Bxe4 Nxe4 18. Rxe4 Rxe4 19. fxe4 Qe8 20. a3 Nc6 21. Bh6 Bxh6 22. Qxh6 1/2-1/2

[Event "Serpukhov-J"]
[Site "Serpukhov"]
[Date "2003.??.??"]
[Round "1"]
[White "Shadrina, Tatiana"]
[Black "Roshchepkin, Boris"]
[Result "1/2-1/2"]
[WhiteElo "2342"]
[BlackElo "2313"]
[PlyCount "65"]
[EventDate "2003.??.??"]
[EventType "tourn"]
[EventRounds "9"]
[EventCountry "RUS"]
[EventCategory "2"]
[SourceTitle "EXT 2005"]
[Source "ChessBase"]
[SourceDate "2004.11.15"]
[SourceVersion "1"]
[SourceVersionDate "2004.11.15"]
[SourceQuality "1"]

1. e4 c5 2. Nf3 Nc6 3. Nc3 g6 4. d4 cxd4 5. Nxd4 Bg7 6. Be3 Nf6 7. Be2 0-0 8. 0-0 d6 9. Qd2 Bd7 10. Rad1 Rc8 11. Rfe1 a6 12. a4 Re8 13. h3 Qa5 14. f4 Nxd4 15. Bxd4 Bc6 16. Bf3 e5 17. Bf2 Rcd8 18. Qe3 Rd7 19. Bh4 h6 20. fxe5 Qxe5 21. Qf2 Nh5 22. Bxh5 Qxh5 23. Rd3 Qc5 24. Qxc5 dxc5 25. Rxd7 Bxd7 26. Nd5 f5 27. exf5 Rxe1+ 28. Bxe1 gxf5 29. b3 Kf7 30. Kf2 c4 31. Nf4 Be5 32. Bd2 Bxf4 33. Bxf4 1/2-1/2